Statistics for Books of the Bible That are Words

Click here to take the quiz!

General Stats

  • This quiz has been taken 10,640 times
  • The average score is 9 of 13

Answer Stats

DefinitionBook% Correct
Departure of a large number of peopleExodus
94%
The point when something
comes into being
Genesis
93%
NumeralsNumbers
92%
Religious songsPsalms
83%
Subdivisions of a playActs
81%
Task for which one is paidJob
79%
The moment at which something
hidden becomes apparent
Revelation
78%
Officials who administer lawJudges
72%
Short sayings which express wisdomProverbs
59%
One who solicits a prostituteJohn
47%
Sorrowful criesLamentations
44%
To write on, label, or deface somethingMark
33%
Mercy, compassionRuth
24%

Score Distribution

Percentile by Number Answered

Percent of People with Each Score

Your Score History

You have not taken this quiz